000 00687nam a2200229Ia 4500
005 20241216010941.0
008 190212s9999||||xx |||||||||||||| ||und||
020 _a978-987-601-162-4
082 _a306
_bR81
100 _aROMANO EDUARDO
245 0 _aINTELECTUALES, ESCRITORES E INDUSTRIA CULTURAL
250 _a1
260 _aARGENTINA
_bLA CRUJIA
_c2012
300 _a413 pag
_c20 cm
341 _h80
440 _aCOMUNICACIÓN
490 _v0
_a0
505 _aPANORAMA DE UNA INTELECTUALIDAD DESCONCERTADA, LOS ESCRITORES Y LA INDUSTRIA CULTURAL, LOS GUSTOS DE LOS OTROS.
541 _aC
_bSAN CRISTOBAL
_d30-Oct-18
_oSoles
650 _aCIENCIAS SOCIALES
942 _cLIBRO
999 _c28512
_d28512